000 01322cam a2200277 i 4500
003 SA-RiAUC
005 20251111074053.0
008 250930s2005 su g b f000r0 ara c
040 _aSA-JeALM
_bara
_cSA-RiAUC
_erda
082 0 4 _a256
_qSA-RiAUC
090 _a256
_bم ن ي
100 1 _aالمنيف، عبد المحسن بن محمد بن عبد المحسن،
_d1375 هجري-
_eمؤلف.
245 1 2 _aالجهاد :
_bأحكامه ومن يدعو إليه /
_cتأليف عبد المحسن بن محمد بن عبد المحسن المنيف.
250 _aالطبعة الأولى.
264 1 _aالمدينة المنورة :
_bالجامعة الإسلامية،
_c[2005]
300 _a142 صفحة ؛
_c24 سم.
336 _aنص
_btxt
_2rdacontent
_3كتاب
337 _aبدون وسيط
_bn
_2rdamedia
338 _aمجلد
_bnc
_2rdacarrier
490 1 _aإصدارات الجامعة الإسلامية (المدينة المنورة).
_aعمادة البحث العلمي ؛
_v81
504 _aببليوجرافية : صفحة 128.
650 7 _aالجهاد في الإسلام
_2aucsh
830 0 _aإصدارات الجامعة الإسلامية (المدينة المنورة).
_pعمادة البحث العلمي
_v81
942 _2ddc
_cBOOK
_n0
949 _aSA-JeALM
_d250930
_uosman123
_n1
999 _c13167
_d13167